书目信息 |
| 题名: |
墙饰与小制作:幼儿园环境布置
|
|
| 作者: | 同济在学幼儿园 编著 | |
| 分册: | ||
| 出版信息: | 上海 同济大学出版社 1999.06 |
|
| 页数: | 68页 | |
| 开本: | 24开 | |
| 丛书名: | ||
| 单 册: | ||
| 中图分类: | G613 | |
| 科图分类: | ||
| 主题词: | 教育--各级 | |
| 电子资源: | ||
| ISBN: | 7-5608-2087-5 | |
| 000 | 00618nam0 2200193 45 | |
| 001 | 0007211147 | |
| 005 | 20000928061019.8 | |
| 010 | @a7-5608-2087-5@d26.00元 | |
| 100 | @a20000721d1999 km y0chiy0120 ea | |
| 101 | 0 | @achi |
| 105 | @a z 000yy | |
| 200 | 1 | @a墙饰与小制作:幼儿园环境布置@AQiang Shi Yu Xiao ZhiZuo:You Er Yuan Huan Jing Bu Zhi@f同济在学幼儿园编著@FTong Ji Zai Xue You Er Yuan Bian Zhu |
| 210 | @a上海@c同济大学出版社@d1999.06 | |
| 215 | @a68页@d24开 | |
| 606 | 0 | @a教育@x各级 |
| 690 | @aG613@v3 | |
| 701 | 0 | @a同济在学幼儿园@4编著 |
| 801 | @aCN@bPftUser@c20000721 | |
| 905 | @dG613@eM450@b404198-202@f5 | |
| 墙饰与小制作:幼儿园环境布置/同济在学幼儿园编著.-上海:同济大学出版社,1999.06 |
| 68页;24开 |
| ISBN 7-5608-2087-5:26.00元 |
| ● |
| 相关链接 |
|
|
|
正题名:墙饰与小制作:幼儿园环境布置
索取号:G613/M450
 
预约/预借
| 序号 | 登录号 | 条形码 | 馆藏地/架位号 | 状态 | 备注 |
| 1 | 404198 | 204041982 | 社科库409/422社科库 38排2列4层/ [索取号:G613/M450] | 在馆 | |
| 2 | 404199 | 204041991 | 社科库409/309社科库 999排5列2层/ [索取号:G613/M450] | 在馆 | |
| 3 | 404200 | 204042008 | 社科库409/ [索取号:G613/M450] | 在馆 | |
| 4 | 404201 | 204042017 | 社科库409/422社科库 38排1列4层/ [索取号:G613/M450] | 在馆 | |
| 5 | 404202 | 204042026 | 社科库409/422社科库 38排1列4层/ [索取号:G613/M450] | 在馆 |